Europe Capitals - Statistics

General Stats
  • This quiz has been taken 1,370 times
  • The average score is 29 of 39
Answer Stats
Hint Answer % Correct
England London
100%
France Paris
97%
Spain Madrid
96%
Germany Berlin
95%
Italy Rome
95%
Ireland Dublin
93%
Portugal Lisbon
91%
Netherlands Amsterdam
90%
Greece Athens
90%
Norway Oslo
89%
Poland Warsaw
88%
Belgium Brussels
87%
Sweden Stockholm
85%
Denmark Copenhagen
84%
Finland helsinki
84%
Austria Vienna
84%
Switzerland Bern
82%
Hungary Budapest
82%
Czech republic Prague
82%
Ukraine Kiev
80%
Romania Bucharest
71%
Bulgaria Sofia
70%
Scotland Edinburgh
67%
Belarus Minsk
67%
Latvia Riga
66%
Northern Ireland Belfast
65%
Croatia Zagreb
65%
Wales Cardiff
62%
Bosnia Sarajevo
60%
Serbia Belgrade
59%
Slovakia Bratislava
59%
Estonia Tallinn
57%
Lithuania Vilnius
57%
Albania Tirana
53%
Slovenia Ljubljana
49%
Macedonia Skopje
49%
Luxembourg Luxembourg City
44%
Moldova Chisinau
43%
Malta Valleta
38%
No matching quizzes found
Score Distribution
Percent of People with Each Score
Percentile by Number Answered
Your Score History
You have not taken this quiz